<?xml version="1.0" encoding="UTF-8"?>
<record
    xmlns:xsi="http://www.w3.org/2001/XMLSchema-instance"
    xsi:schemaLocation="http://www.loc.gov/MARC21/slim http://www.loc.gov/standards/marcxml/schema/MARC21slim.xsd"
    xmlns="http://www.loc.gov/MARC21/slim">

  <leader>01044nam a2200289 i 4500</leader>
  <controlfield tag="001">133635</controlfield>
  <controlfield tag="003">ES-MaACL</controlfield>
  <controlfield tag="005">20250825062642.0</controlfield>
  <controlfield tag="007">t|</controlfield>
  <controlfield tag="008">070823q1972    ne       c   |||| | mul d</controlfield>
  <datafield tag="080" ind1=" " ind2=" ">
    <subfield code="a">75:069(492.62) Rijksmuseum</subfield>
  </datafield>
  <datafield tag="110" ind1="2" ind2=" ">
    <subfield code="a">Rijksmuseum (Amsterdam)</subfield>
    <subfield code="9">6450</subfield>
    <subfield code="e">isb</subfield>
  </datafield>
  <datafield tag="245" ind1="1" ind2="0">
    <subfield code="a">100 Hollandse schilderijen = </subfield>
    <subfield code="b">Dutch paintings = Tableaux hollandais = Holl&#xE8;andische Gem&#xE8;alde.</subfield>
  </datafield>
  <datafield tag="246" ind1="1" ind2=" ">
    <subfield code="a">Dutch paintings</subfield>
  </datafield>
  <datafield tag="246" ind1="1" ind2=" ">
    <subfield code="a">Tableaux hollandais</subfield>
  </datafield>
  <datafield tag="246" ind1="1" ind2=" ">
    <subfield code="a">Holl&#xE8;andische Gem&#xE8;alde</subfield>
  </datafield>
  <datafield tag="260" ind1=" " ind2=" ">
    <subfield code="a">Amsterdam : </subfield>
    <subfield code="b">Rijksmuseum, </subfield>
    <subfield code="c">[ca. 1972]</subfield>
  </datafield>
  <datafield tag="300" ind1=" " ind2=" ">
    <subfield code="a">100 p&#xE1;ginas : </subfield>
    <subfield code="b">principalmente ilustraciones ; </subfield>
    <subfield code="c">23 cm.</subfield>
  </datafield>
  <datafield tag="546" ind1=" " ind2=" ">
    <subfield code="a">Texto en holand&#xE9;s, ingl&#xE9;s, franc&#xE9;s y alem&#xE1;n</subfield>
  </datafield>
  <datafield tag="610" ind1="2" ind2="4">
    <subfield code="a">Rijksmuseum (Amsterdam)</subfield>
    <subfield code="9">6450</subfield>
  </datafield>
  <datafield tag="650" ind1=" " ind2="7">
    <subfield code="a">Pintura holandesa</subfield>
    <subfield code="2">embne</subfield>
    <subfield code="9">159995</subfield>
  </datafield>
  <datafield tag="655" ind1=" " ind2="7">
    <subfield code="2">tgfbne</subfield>
    <subfield code="a">Libros ilustrados</subfield>
    <subfield code="9">193653</subfield>
  </datafield>
  <datafield tag="852" ind1="4" ind2=" ">
    <subfield code="a">ES-MaACL</subfield>
    <subfield code="j">E-12007   </subfield>
    <subfield code="c">DEPO2</subfield>
    <subfield code="h">Biblioteca Jacinto Mart&#xED;nez Lacalle</subfield>
  </datafield>
  <datafield tag="942" ind1=" " ind2=" ">
    <subfield code="2">udc</subfield>
    <subfield code="c">MONOGRAFIA</subfield>
    <subfield code="n">0</subfield>
  </datafield>
  <datafield tag="999" ind1=" " ind2=" ">
    <subfield code="c">133635</subfield>
    <subfield code="d">133635</subfield>
  </datafield>
  <datafield tag="952" ind1=" " ind2=" ">
    <subfield code="0">0</subfield>
    <subfield code="1">0</subfield>
    <subfield code="4">0</subfield>
    <subfield code="7">0</subfield>
    <subfield code="a">ATENEOM</subfield>
    <subfield code="b">ATENEOM</subfield>
    <subfield code="c">DEPO2</subfield>
    <subfield code="d">2008-01-17</subfield>
    <subfield code="e">SC</subfield>
    <subfield code="l">0</subfield>
    <subfield code="o">E-12007</subfield>
    <subfield code="p">1139114</subfield>
    <subfield code="r">2023-02-23 00:00:00</subfield>
    <subfield code="w">2023-02-23</subfield>
    <subfield code="y">MONOGRAFIA</subfield>
  </datafield>
</record>
